000 01087nam a22003257a 4500
003 CHAP
005 20220329143325.0
008 080804d2007 mx r 00010 spa d
010 _a94994
011 _a95966
020 _a9680201265
035 _a106602
040 _cCHAP
090 _aFolleto 17363
100 0 0 _aValdovinos Chávez, Víctor Rafael.
_9117389
245 1 0 _aControl óptimo en tiempo discreto x (k + 1) = <U+0192>
_c/por Víctor Rafael Valdovinos Chávez
260 _aChapingo, Méx. :
_bUACH. División de Ciencias Económico Administrativas,
_c2007
300 _a42 p.
590 _aBATCH-UPD
_b10
_c20130110
_lUCH01
_h1219
590 _aBATCH-UPD
_b10
_c20130410
_lUCH01
_h0754
590 _aBATCH-UPD
_b10
_c20130914
_lUCH01
_h1138
590 _aCONVERSION
_b10
_c20130109
_lUCH01
_h1353
650 1 4 _aDecisión, teoría de la.
_931475
650 1 4 _aMétodos estadísticos.
_976631
650 1 4 _aRazonamiento.
_994903
901 _aBK
911 _aen proceso
942 _cFOLL
949 _aFolleto 17363
_bBC
_cUACH
_d33724002055743
_eUACH
_gDonaciØn
_i106602
_st
999 _c94994
_d94994